From the dreadnought to Scapa Flow : (Record no. 22648)
[ view plain ]
| 000 -LEADER | |
|---|---|
| fixed length control field | 01131nam a2200265u 4500 |
| 001 - CONTROL NUMBER | |
| control field | 22648 |
| 003 - CONTROL NUMBER IDENTIFIER | |
| rucl marc code | BD-RjUL |
| 005 - DATE AND TIME OF LATEST TRANSACTION | |
| control field | 20211209000831.0 |
| 008 - FIXED-LENGTH DATA ELEMENTS--GENERAL INFORMATION | |
| fixed length control field | 140309s1966 enkacd 001 0 eng |
| 035 ## - SYSTEM CONTROL NUMBER | |
| System control number | (BD-RjUL)22713 |
| 040 ## - CATALOGING SOURCE | |
| Original cataloging agency | DLC |
| Transcribing agency | CarP |
| Modifying agency | DLC |
| -- | BD-RjUL0 |
| Language of cataloging | eng |
| 041 ## - LANGUAGE CODE | |
| Language code of text/sound track or separate title | eng |
| 082 00 - DEWEY DECIMAL CLASSIFICATION NUMBER | |
| Classification number | 359.00941 |
| Author mark and year | MAF 1966 |
| 100 1# - MAIN ENTRY--PERSONAL NAME | |
| Personal name | Marder, Arthur Jacob, |
| 9 (RLIN) | 69912 |
| 245 10 - TITLE STATEMENT | |
| Title | From the dreadnought to Scapa Flow : |
| Remainder of title | the Royal Navy in the Fisher era, 1904-1919 / |
| Statement of responsibility, etc. | Arthur J. Marder. |
| Name of part/section of a work | Jutland and after (May 1916- December 1916). |
| 260 ## - PUBLICATION, DISTRIBUTION, ETC. (IMPRINT) | |
| Place of publication, distribution, etc. | London ; |
| -- | New York : |
| Name of publisher, distributor, etc. | Oxford University Press, |
| Date of publication, distribution, etc. | c1965 [Reprinted 1966] |
| 300 ## - PHYSICAL DESCRIPTION | |
| Pagination | xxiii, 307 p. : |
| Illustrations | ill. ; |
| Size | 23 cm. |
| 500 ## - GENERAL NOTE | |
| General note | Includes index. |
| 505 0# - FORMATTED CONTENTS NOTE | |
| Formatted contents note | Vol. 1 (The road to war, 1904-1914)-- v. 2 (The war years : to the eve of Jutland)-- v. 3 (Jutland and after : May 1916-December 1916)-- |
| 600 10 - SUBJECT ADDED ENTRY--PERSONAL NAME | |
| Personal name | Fisher, John Arbuthnot Fisher, |
| Titles and other words associated with a name | Baron, |
| Dates associated with a name | 1841-1920. |
| 610 10 - SUBJECT ADDED ENTRY--CORPORATE NAME | |
| Corporate name or jurisdiction name as entry element | Great Britain. |
| Subordinate unit | Royal Navy |
| 650 #0 - SUBJECT ADDED ENTRY--TOPICAL TERM | |
| Topical term or geographic name as entry element | World War, 1914-1918 |
| General subdivision | Naval operations, British. |
| 9 (RLIN) | 69915 |
| 651 #0 - SUBJECT ADDED ENTRY--GEOGRAPHIC NAME | |
| Geographic name | Great Britain |
| General subdivision | History, Naval. [from old catalog] |
| 9 (RLIN) | 69916 |
| 942 ## - ADDED ENTRY ELEMENTS (KOHA) | |
| Source of classification or shelving scheme | Dewey Decimal Classification |
| Koha item type | Books |
| Lost status | Source of classification or shelving scheme | Damaged status | Not for loan | Collection code | Permanent Location | Current Location | Shelving location | Date acquired | Source of acquisition | Cost, normal purchase price | Total Checkouts | Full call number | Date last seen | Copy number | Koha item type |
|---|---|---|---|---|---|---|---|---|---|---|---|---|---|---|---|
| Dewey Decimal Classification | Added to bundle | Non-fiction | Central Library, University of Rajshahi | Central Library, University of Rajshahi | Reading Room | 27/10/1970 | Sweets & Zeitlenger | 75.00 | 359.00941 MAF V-3 1966 | 09/03/2014 | C-1 | Books | |||
| Dewey Decimal Classification | Non-fiction | Central Library, University of Rajshahi | Central Library, University of Rajshahi | 20/01/1970 | Zeitlinger | 50.00 | 359.00941 MAF V-1 1966 | 21/08/2016 | C-2 | Books | |||||
| Dewey Decimal Classification | Non-fiction | Central Library, University of Rajshahi | Central Library, University of Rajshahi | 27/10/1970 | Sweets & Zeitlenger | 65.00 | 359.00941 MAF V-2 1966 | 26/09/2016 | C-2 | Books |